000
00271nam a2200109Ia 4500
008
230320s9999||||xx |||||||||||||| ||spa||
082
_a
189/C96D
100
_a
Cusa, Nicolas De
245
0
_a
De Dios Escondido De La Búsqueda De Dios
260
_b
Aguilar
942
_8
0
_c
LIB
999
_c
26198
_d
26198